000 00433nam a22001337a 4500
999 _c13657
_d13657
008 250731b ||||| |||| 00| 0 eng d
040 _aBMSCA
100 _aTanuja, KC
245 _aA comparative approach to liveable streets in the mixed land use neighbourhoods a case study of Bangalore streets
300 _app
502 _NVisvesvaraya Technological University, Belagavi
_d2022
700 _aGuide: Mamatha P Raj
942 _2ddc